[Event "OPEN INER 2022"]
[Site "salle des fêtes de Saint Denis"]
[Date "2022.10.13"]
[Round "7.6"]
[White "Lam Kin Cheung, Stephane"]
[Black "Jotee, Ashvin"]
[Result "0-1"]
[WhiteElo "1199"]
[BlackElo "1815"]
[PlyCount "102"]
[EventDate "2022.??.??"]

1. e4 e6 2. d4 d5 3. exd5 exd5 4. Nf3 Bd6 5. Bd3 Nc6 6. Be3 Bg4 7. h3 Bh5 8.
Nc3 Nge7 9. a3 a6 10. g4 Bg6 11. Qe2 Bxd3 12. Qxd3 Qd7 13. O-O-O O-O-O 14. Rhe1
Rde8 15. Kb1 f6 16. Nd2 h5 17. Nb3 hxg4 18. hxg4 Nd8 19. f3 Ne6 20. Nc5 Nxc5
21. dxc5 Bg3 22. Rg1 Bh2 23. Rg2 Be5 24. f4 Bxc3 25. Qxc3 Ng6 26. f5 Rh3 27.
Re2 Nf4 28. Bxf4 Rxc3 29. Rxe8+ Qxe8 30. bxc3 Qb5+ 31. Kc1 Qxc5 32. Kb2 c6 33.
Rd4 Qe7 34. Bd2 Qe2 35. Kc1 Kc7 36. Kb2 Qg2 37. Bf4+ Kd7 38. Kb3 b5 39. Bd2 c5
40. Rxd5+ Qxd5+ 41. c4 Qxd2 42. cxb5 axb5 43. g5 c4+ 44. Kb2 Qd4+ 45. c3 Qd2+
46. Kb1 fxg5 47. f6 gxf6 48. a4 g4 49. a5 g3 50. a6 g2 51. a7 g1=Q# 0-1

[Event "OPEN INER 2022"]
[Site "salle des fêtes de Saint Denis"]
[Date "2022.10.13"]
[Round "7.7"]
[White "Folio, Pierre"]
[Black "Sawmynaden, Vicken"]
[Result "1-0"]
[WhiteElo "1432"]
[BlackElo "1644"]
[PlyCount "115"]
[EventDate "2022.??.??"]

1. e4 d5 2. exd5 Qxd5 3. Nc3 Qd8 4. Nf3 e6 5. d4 Nf6 6. Bf4 Bd6 7. Bxd6 cxd6 8.
d5 e5 9. Bd3 Nbd7 10. O-O Nc5 11. Re1 Nxd3 12. Qxd3 O-O 13. Nd2 Qb6 14. Nc4 Qc5
15. Ne3 a6 16. Rad1 b5 17. Ne4 Nxe4 18. Qxe4 f5 19. Qh4 Rf6 20. g3 f4 21. gxf4
exf4 22. Ng2 Bb7 23. Re7 Bxd5 24. Nxf4 Qc4 25. Rxg7+ Kxg7 26. Nh5+ Kg6 27.
Qxf6+ Kxh5 28. Qf5+ Kh6 29. Qxd5 Rg8+ 30. Kh1 Qxd5+ 31. Rxd5 Rg6 32. a4 bxa4
33. Ra5 a3 34. bxa3 d5 35. Rxd5 Rc6 36. Kg2 Kg7 37. Ra5 Kf6 38. Kg3 h6 39. h4
Kg6 40. Kg4 Kf6 41. f4 Kg6 42. c4 Kf6 43. Rd5 Kf7 44. c5 Kg7 45. Rd7+ Kg8 46.
Rd6 Rxc5 47. Rxa6 h5+ 48. Kf3 Kg7 49. Ke4 Rc4+ 50. Ke5 Rc5+ 51. Kd4 Rf5 52. Ke4
Rc5 53. Ra4 Kf6 54. Rb4 Rc3 55. a4 Rh3 56. a5 Rxh4 57. a6 Rg4 58. a7 1-0

[Event "OPEN INER 2022"]
[Site "salle des fêtes de Saint Denis"]
[Date "2022.10.13"]
[Round "7.8"]
[White "Dace, Jean Emeric"]
[Black "Hoarau, Antoine"]
[Result "1-0"]
[WhiteElo "1649"]
[BlackElo "1246"]
[PlyCount "117"]
[EventDate "2022.??.??"]

1. b3 Nf6 2. Bb2 g6 3. Nf3 Bg7 4. g3 O-O 5. c4 d6 6. Bg2 Nbd7 7. O-O e5 8. d3
c6 9. b4 Re8 10. Qc2 a6 11. Nbd2 Rb8 12. Ng5 Qe7 13. a3 Ng4 14. Ngf3 Ngf6 15.
Rfe1 b5 16. e4 Bb7 17. Rad1 Rec8 18. Qb1 Ne8 19. Bh3 Rd8 20. cxb5 cxb5 21. Nb3
Nc7 22. Qa2 Kh8 23. Bc1 Kg8 24. Be3 Kh8 25. Ba7 Ra8 26. Be3 Rab8 27. Na5 Re8
28. Rc1 Ne6 29. Rc2 Kg8 30. Rec1 Kh8 31. Nxb7 Rxb7 32. Qd5 Rbb8 33. Rc6 Bf8 34.
Rxa6 Nc7 35. Rxc7 Nb6 36. Rxe7 Nxd5 37. Rxe8 Rxe8 38. exd5 Rb8 39. Bd7 Rb7 40.
Bc6 Rb8 41. Ng5 Kg8 42. Ra8 Rxa8 43. Bxa8 h6 44. Ne4 f5 45. Nc3 g5 46. Nxb5 f4
47. Bb6 Kf7 48. Nc7 Be7 49. Ne6 h5 50. Bc6 f3 51. a4 g4 52. a5 h4 53. a6 h3 54.
a7 Kg6 55. a8=Q Kf6 56. Qh8+ Kf5 57. Qh5+ Kf6 58. Be8 Bf8 59. Qg5# 1-0

[Event "OPEN INER 2022"]
[Site "salle des fêtes de Saint Denis"]
[Date "2022.10.13"]
[Round "7.9"]
[White "Frelicot, Eric"]
[Black "Lebihan, Mahe"]
[Result "1/2-1/2"]
[WhiteElo "1560"]
[BlackElo "1199"]
[PlyCount "46"]
[EventDate "2022.??.??"]

1. d4 d5 2. Bf4 Bf5 3. e3 e6 4. c4 Nf6 5. Nc3 Nh5 6. Bg3 Nxg3 7. hxg3 c5 8. Nf3
h6 9. Qb3 Qb6 10. Qxb6 axb6 11. cxd5 cxd4 12. Bb5+ Nd7 13. exd4 Bb4 14. Ne5
exd5 15. O-O Bxc3 16. bxc3 f6 17. g4 fxe5 18. gxf5 e4 19. f3 O-O-O 20. fxe4
dxe4 21. Rae1 Nf6 22. Bc4 Rd6 23. Rb1 Kc7 1/2-1/2

[Event "OPEN INER 2022"]
[Site "salle des fêtes de Saint Denis"]
[Date "2022.10.13"]
[Round "7.10"]
[White "Rosamel, Manua"]
[Black "Folio, Thomas"]
[Result "0-1"]
[WhiteElo "1319"]
[BlackElo "1431"]
[PlyCount "52"]
[EventDate "2022.??.??"]

1. e4 c5 2. Nf3 Nc6 3. d4 cxd4 4. Nxd4 Nf6 5. Nc3 d6 6. Bc4 g6 7. Be3 Bg7 8. f3
Bd7 9. Qd2 Rc8 10. Bb3 Ne5 11. O-O-O Nc4 12. Bxc4 Rxc4 13. h4 h5 14. Nde2 Qa5
15. Kb1 b5 16. Nd5 Qxd2 17. Rxd2 Nxd5 18. Rxd5 O-O 19. Bxa7 Ra8 20. Be3 Rca4
21. a3 b4 22. Nd4 bxa3 23. c3 axb2 24. Kxb2 Ra2+ 25. Kb3 Bxd4 26. Rxd4 Be6+ 0-1

[Event "OPEN INER 2022"]
[Site "salle des fêtes de Saint Denis"]
[Date "2022.10.13"]
[Round "7.11"]
[White "Fondrat, Thierry"]
[Black "Desire, Michael"]
[Result "0-1"]
[WhiteElo "1217"]
[BlackElo "1670"]
[PlyCount "64"]
[EventDate "2022.??.??"]

1. e4 c6 2. d4 d5 3. Nc3 dxe4 4. Nxe4 Nd7 5. Nf3 Ngf6 6. Nxf6+ Nxf6 7. Bd3 Bg4
8. Be3 e6 9. h3 Bh5 10. g4 Bg6 11. Ne5 Bd6 12. Qe2 Bxd3 13. Nxd3 Nd5 14. Bd2
Qb6 15. c3 a5 16. a3 Ne7 17. O-O h5 18. g5 Nf5 19. g6 Qc7 20. gxf7+ Qxf7 21.
Ne5 Qf6 22. Kh1 Nh4 23. f4 Nf5 24. Rg1 Rh6 25. Rg5 h4 26. Qg4 O-O-O 27. Rg6
Rxg6 28. Nxg6 c5 29. Rc1 Kb8 30. Be1 cxd4 31. Kg2 Ne3+ 32. Kf3 Nxg4 0-1

[Event "OPEN INER 2022"]
[Site "salle des fêtes de Saint Denis"]
[Date "2022.10.13"]
[Round "7.12"]
[White "Bah, Ismael"]
[Black "Erudel, Irina"]
[Result "1-0"]
[WhiteElo "1588"]
[BlackElo "1199"]
[PlyCount "75"]
[EventDate "2022.??.??"]

1. b4 e5 2. Bb2 Bxb4 3. Bxe5 Nf6 4. e3 Nc6 5. Bb2 d5 6. Nf3 Bf5 7. Be2 Qe7 8.
O-O O-O-O 9. d3 h5 10. Nbd2 h4 11. Nb3 Bd6 12. Qc1 Rdg8 13. Nbd4 Nxd4 14. Nxd4
Bg4 15. Bxg4+ Nxg4 16. h3 Ne5 17. Nf3 Nxf3+ 18. Kh1 Qd7 19. Qd1 Ne5 20. f4 Nc6
21. Qf3 d4 22. e4 f5 23. c3 g5 24. cxd4 g4 25. Qe3 gxh3 26. Qxh3 Rg3 27. Qxf5
h3 28. Rfb1 hxg2+ 29. Kg1 Rh1+ 30. Kf2 Rxb1 31. Rxb1 Rxd3 32. Kxg2 Qxf5 33.
exf5 Nxd4 34. Bxd4 Rxd4 35. Kg3 Kd7 36. Rxb7 Kc6 37. Rxa7 Re4 38. Kg4 {
partie illisible} 1-0

[Event "OPEN INER 2022"]
[Site "salle des fêtes de Saint Denis"]
[Date "2022.10.13"]
[Round "7.13"]
[White "Boyer, Mathis"]
[Black "Lee Luen Mang, Stefan"]
[Result "0-1"]
[WhiteElo "1190"]
[BlackElo "1557"]
[PlyCount "58"]
[EventDate "2022.??.??"]

1. e4 e5 2. Nf3 Nc6 3. d4 exd4 4. Nxd4 Bc5 5. Be3 Qf6 6. c3 Nge7 7. Bc4 d6 8.
Qe2 Nxd4 9. Bxd4 Bxd4 10. cxd4 Qxd4 11. Nc3 a6 12. Rd1 Qf6 13. Nd5 Nxd5 14.
Rxd5 O-O 15. e5 dxe5 16. Rxe5 Bd7 17. O-O Bc6 18. Re1 Rad8 19. Re7 Qg5 20. g3
Rd2 21. Qe3 Qxe3 22. R7xe3 Rxb2 23. Re7 Rb4 24. Rc1 g6 25. Bxa6 Rd8 26. Bc4
Rxc4 27. Ra1 Rcd4 28. h4 Rd1+ 29. Rxd1 Rxd1+ 0-1

[Event "OPEN INER 2022"]
[Site "salle des fêtes de Saint Denis"]
[Date "2022.10.13"]
[Round "7.14"]
[White "Vadon Ramalanjaona, Mateotia"]
[Black "Cavillot-Delestage, Raphael"]
[Result "1/2-1/2"]
[WhiteElo "1314"]
[BlackElo "1155"]
[PlyCount "69"]
[EventDate "2022.??.??"]

1. d4 Nf6 2. Nc3 d5 3. Bf4 a6 4. e3 Nc6 5. a3 Bf5 6. f3 e6 7. g4 Bg6 8. h4 h5
9. g5 Nd7 10. Bd3 Bxd3 11. Qxd3 Nb6 12. O-O-O Qd7 13. e4 dxe4 14. fxe4 O-O-O
15. Nge2 Bd6 16. d5 Ne7 17. Rhf1 Ng6 18. Bxd6 Qxd6 19. Qh3 Rhf8 20. Rd3 Ne5 21.
Rdd1 Kb8 22. dxe6 Qxe6 23. Rxd8+ Rxd8 24. Qxe6 fxe6 25. b3 Nbd7 26. Ng3 g6 27.
Nce2 c5 28. Nf4 Re8 29. Rd1 Kc7 30. c4 b6 31. Kc2 a5 32. Nge2 Nf8 33. Nc3 Rd8
34. Nb5+ Kc8 35. Na7+ 1/2-1/2

[Event "OPEN INER 2022"]
[Site "salle des fêtes de Saint Denis"]
[Date "2022.10.13"]
[Round "7.15"]
[White "Hichari, Lotfi"]
[Black "Erudel, Maeva"]
[Result "1-0"]
[WhiteElo "1199"]
[BlackElo "1411"]
[PlyCount "130"]
[EventDate "2022.??.??"]

1. Nf3 e6 2. d4 d5 3. c4 Nf6 4. Bg5 Nbd7 5. g3 b6 6. cxd5 exd5 7. Bg2 Bb7 8.
O-O Be7 9. Nc3 O-O 10. Qb3 h6 11. Bxf6 Nxf6 12. Ne5 Rb8 13. Rac1 a6 14. e3 c5
15. dxc5 bxc5 16. Qd1 d4 17. Bxb7 dxc3 18. Bxa6 Rb6 19. Be2 cxb2 20. Rb1 Rd6
21. Qb3 Rb6 22. Qc2 Qa8 23. Bc4 Qb7 24. Bb3 Ne4 25. Nc4 Rb5 26. Rxb2 Bf6 27.
Rbb1 Rd8 28. Rfd1 Rxd1+ 29. Rxd1 Qe7 30. a4 Rb8 31. a5 Nc3 32. Rd3 Qe4 33. Nd6
Qb4 34. Bxf7+ Kh8 35. Be6 Qxa5 36. Nf7+ Kg8 37. Nxh6+ Kf8 38. Nf5 Qa8 39. Rd7
Rb1+ 40. Qxb1 Nxb1 41. Rf7+ Ke8 42. Nd6+ Kd8 43. Rf8+ Kc7 44. Rxa8 Kxd6 45.
Ra6+ Ke5 46. f3 Nd2 47. Kf2 Nc4 48. e4 Kd4 49. Bc8 Ne5 50. h4 Nd3+ 51. Ke2 Nc1+
52. Kf1 Ke3 53. h5 Bg5 54. Ra7 Bh6 55. e5 Kxf3 56. e6 Bg5 57. Rxg7 Bd8 58. h6
Ke4 59. h7 Bf6 60. h8=Q Bxg7 61. Qxg7 Nd3 62. e7 Kd5 63. e8=Q Nb4 64. Qge5+ Kc4
65. Qf7+ Kb5 1-0

[Event "OPEN INER 2022"]
[Site "salle des fêtes de Saint Denis"]
[Date "2022.10.13"]
[Round "7.16"]
[White "Sawmynaden, Righen Peroumal"]
[Black "Molines, Martin"]
[Result "1-0"]
[WhiteElo "1743"]
[BlackElo "1037"]
[PlyCount "73"]
[EventDate "2022.??.??"]

1. d4 d5 2. Nf3 Nf6 3. Bf4 Bf5 4. Nc3 Nc6 5. Nb5 Rc8 6. a3 e6 7. e3 a6 8. Nc3
Bd6 9. Be2 Bxf4 10. exf4 O-O 11. Ne5 Qd6 12. g4 Bg6 13. h4 h6 14. f3 Qd8 15.
Qd2 Nxe5 16. fxe5 Nh7 17. h5 Bxc2 18. Qxc2 f6 19. O-O-O fxe5 20. dxe5 Qg5+ 21.
Kb1 Qxe5 22. Rhe1 Qd6 23. Ne4 Qe7 24. Nc5 c6 25. Nd3 Qd6 26. f4 Nf6 27. Ne5 Nd7
28. Ng6 Rfe8 29. g5 hxg5 30. fxg5 Nf8 31. Bd3 Rc7 32. Ne5 Rce7 33. h6 Kh8 34.
Qh2 Kg8 35. h7+ Kh8 36. Ng6+ Nxg6 37. Qxd6 1-0

[Event "OPEN INER 2022"]
[Site "salle des fêtes de Saint Denis"]
[Date "2022.10.13"]
[Round "7.17"]
[White "Folio, Raphael"]
[Black "Cavillot-Delestage, Honore"]
[Result "1-0"]
[WhiteElo "1277"]
[BlackElo "1009"]
[PlyCount "85"]
[EventDate "2022.??.??"]

1. d4 d5 2. Nf3 Nc6 3. e3 Bf5 4. a3 Nf6 5. b3 e6 6. Bb2 Be7 7. Be2 O-O 8. O-O
Bd6 9. Nbd2 Qd7 10. c4 dxc4 11. Nxc4 Ne7 12. Rc1 Rae8 13. Nce5 Bxe5 14. Nxe5
Qd6 15. a4 Ned5 16. Qd2 Rd8 17. Ra1 b6 18. h3 a5 19. Rac1 Ne4 20. Qe1 f6 21.
Rc6 Qe7 22. Nf3 Qf7 23. Nh4 Ne7 24. Rxc7 Nd5 25. Rxf7 Rxf7 26. Bd3 Bg6 27. Nxg6
hxg6 28. Bxe4 Ne7 29. Qc3 f5 30. Bb7 Nd5 31. Bxd5 exd5 32. Qc6 Rff8 33. Qxb6
Rb8 34. Qxg6 Rbd8 35. Qe6+ Kh8 36. Rc1 Rfe8 37. Qxf5 Rf8 38. Qh5+ Kg8 39. Rc5
Rfe8 40. Rxd5 Rxd5 41. Qxd5+ Kh8 42. Qf7 Rg8 43. Qh5# 1-0

[Event "OPEN INER 2022"]
[Site "salle des fêtes de Saint Denis"]
[Date "2022.10.13"]
[Round "7.18"]
[White "Bonin, Malo"]
[Black "Gauthier, Keanu"]
[Result "1-0"]
[WhiteElo "1199"]
[BlackElo "1099"]
[PlyCount "63"]
[EventDate "2022.??.??"]

1. Nf3 Nc6 2. d4 d5 3. Bf4 Bf5 4. e3 Nf6 5. Be2 g6 6. c3 Bg7 7. Bd3 e6 8. Bxf5
exf5 9. Nbd2 O-O 10. Qc2 Re8 11. O-O-O Ne4 12. Rdf1 Re6 13. Ne1 Qd7 14. Nb3 b6
15. f3 Nd6 16. h4 a5 17. h5 Ne7 18. g4 a4 19. Nd2 a3 20. b3 c5 21. Rfg1 cxd4
22. exd4 Bxd4 23. Rg2 Bxc3 24. hxg6 fxg6 25. Kb1 Bxd2 26. Qxd2 Qb5 27. Qd4 Ra4
28. Qc3 Rxf4 29. Rxh7 Kxh7 30. Rh2+ Kg8 31. Qh8+ Kf7 32. Rh7# 1-0

[Event "OPEN INER 2022"]
[Site "salle des fêtes de Saint Denis"]
[Date "2022.10.13"]
[Round "7.19"]
[White "Giraud, Marius"]
[Black "Cheung, Gerard"]
[Result "1/2-1/2"]
[WhiteElo "1063"]
[BlackElo "1199"]
[PlyCount "46"]
[EventDate "2022.??.??"]

1. e4 c5 2. Bc4 e6 3. Nc3 Nc6 4. Nf3 a6 5. a3 b5 6. Ba2 b4 7. axb4 cxb4 8. Ne2
Bc5 9. d3 Qc7 10. Bg5 e5 11. O-O Nd4 12. Nfxd4 Bxd4 13. Nxd4 exd4 14. Qf3 d6
15. Rfe1 Ra7 16. Re2 f6 17. Bh4 a5 18. Rae1 g5 19. Bg3 g4 20. Qf4 Ra6 21. Bc4
Rb6 22. Bh4 Qg7 23. g3 h5 1/2-1/2

[Event "OPEN INER 2022"]
[Site "salle des fêtes de Saint Denis"]
[Date "2022.10.13"]
[Round "7.20"]
[White "Daoudjee, Hishame"]
[Black "Naquin, Miguel"]
[Result "0-1"]
[WhiteElo "1199"]
[BlackElo "1099"]
[PlyCount "46"]
[EventDate "2022.??.??"]

1. e4 e5 2. Nf3 Nc6 3. Bc4 h6 4. O-O Nf6 5. Re1 Bc5 6. c3 d6 7. d4 Bb6 8. Na3
a6 9. h3 O-O 10. Nc2 Na5 11. b3 c6 12. Ba3 Re8 13. Bd3 Be6 14. Rb1 d5 15. Nxe5
Bc7 16. b4 dxe4 17. Bxe4 Nc4 18. Nxc4 Bxc4 19. Qf3 Bxa2 20. Rbd1 Qd6 21. Rd2
Qh2+ 22. Kf1 Bc4+ 23. Bd3 Qh1# 0-1

[Event "OPEN INER 2022"]
[Site "salle des fêtes de Saint Denis"]
[Date "2022.10.13"]
[Round "7.21"]
[White "Giraud, Dimitri"]
[Black "Sandjivy, Jean Marc"]
[Result "0-1"]
[WhiteElo "1054"]
[BlackElo "1222"]
[PlyCount "74"]
[EventDate "2022.??.??"]

1. e4 c5 2. Nc3 Nc6 3. Nf3 d6 4. Bb5 Bd7 5. d3 a6 6. Ba4 b5 7. Bb3 g6 8. a3 Bg7
9. Bd2 b4 10. axb4 cxb4 11. Na4 a5 12. c3 Nf6 13. Qe2 O-O 14. Qe3 Rb8 15. Bd5
Qc7 16. Bxc6 Bxc6 17. O-O Qd7 18. Nb6 Qc7 19. Nc4 bxc3 20. bxc3 a4 21. Rab1 Rb7
22. Rb6 Bb5 23. Rxb7 Qxb7 24. Rb1 Qa6 25. Qd4 Rb8 26. Bg5 Nd7 27. e5 a3 28.
Bxe7 a2 29. Ra1 Bxc4 30. Rf1 a1=Q 31. dxc4 Rb1 32. Nd2 Rxf1+ 33. Nxf1 Qa7 34.
Qxd6 Bxe5 35. Qc6 Kg7 36. g3 Qb2 37. Ne3 Bxc3 0-1

[Event "OPEN INER 2022"]
[Site "salle des fêtes de Saint Denis"]
[Date "2022.10.13"]
[Round "7.22"]
[White "Lai-Cheung-Kit, Guillaume"]
[Black "Khantalin, Serafim"]
[Result "1-0"]
[WhiteElo "1011"]
[BlackElo "1009"]
[PlyCount "55"]
[EventDate "2022.??.??"]

1. e4 e5 2. Bc4 Nf6 3. d3 Bc5 4. Bg5 h6 5. Bh4 g5 6. Bg3 d6 7. Nc3 Ng4 8. Nf3
O-O 9. h3 Nxf2 10. Bxf2 Bd7 11. Bxc5 dxc5 12. O-O Be6 13. Bxe6 fxe6 14. Nxe5
Qd4+ 15. Kh1 Qxe5 16. Rxf8+ Kxf8 17. Qf3+ Ke8 18. Qh5+ Ke7 19. Qxh6 Nd7 20. Qh5
Rf8 21. Qh7+ Kf6 22. Rf1+ Qf4 23. Qh6+ Ke5 24. Rxf4 Kxf4 25. h4 Kg3 26. Qxg5+
Kf2 27. Qd2+ Kf1 28. Qe2# 1-0

[Event "OPEN INER 2022"]
[Site "salle des fêtes de Saint Denis"]
[Date "2022.10.13"]
[Round "7.24"]
[White "Lai-Cheung-Kit, Lucie"]
[Black "Lam Kin Cheung, Youn Ha"]
[Result "1-0"]
[WhiteElo "1009"]
[BlackElo "1199"]
[PlyCount "132"]
[EventDate "2022.??.??"]

1. e4 e6 2. d4 d5 3. Nc3 c5 4. Nf3 Nc6 5. Be3 dxe4 6. Nxe4 cxd4 7. Nxd4 Nxd4 8.
Bxd4 Ne7 9. Bb5+ Nc6 10. O-O Be7 11. Bc5 O-O 12. Bxe7 Qxe7 13. Bxc6 bxc6 14.
Re1 Bd7 15. Qd2 Rad8 16. Rad1 h6 17. h3 g6 18. c4 e5 19. Rc1 a5 20. Rc3 Ra8 21.
Rd3 Bf5 22. f3 Bxe4 23. fxe4 f6 24. Rd1 Qe6 25. Rd6 Qxc4 26. a3 g5 27. Qc3 Qxc3
28. bxc3 c5 29. g4 c4 30. Rc6 a4 31. Rxc4 Rfe8 32. Re1 Red8 33. Re2 Rf8 34. Rh2
Rae8 35. h4 gxh4 36. Rxh4 Kg7 37. Rxa4 Re7 38. Rh3 Re6 39. Rg3 Rfe8 40. g5 hxg5
41. c4 Kf7 42. Ra7+ R6e7 43. Rxe7+ Rxe7 44. a4 Ra7 45. Ra3 g4 46. c5 Rc7 47.
Rc3 Ke6 48. Kg2 Rc8 49. Kg3 Rg8 50. a5 Ra8 51. Kxg4 Rxa5 52. Kf3 Kf7 53. c6 Ra8
54. c7 Rc8 55. Rc5 Ke6 56. Rc6+ Kf7 57. Kg4 Kg7 58. Kf5 Kf8 59. Kxf6 Kg8 60.
Kxe5 Kf7 61. Kd6 Ke8 62. e5 Kf8 63. e6 Ke8 64. e7 Rxc7 65. Rxc7 Kf7 66. e8=Q+
Kxe8 1-0

[Event "OPEN INER 2022"]
[Site "salle des fêtes de Saint Denis"]
[Date "2022.10.13"]
[Round "8.1"]
[White "Mezouaghi, Miloud"]
[Black "Lutard, Florian"]
[Result "1/2-1/2"]
[WhiteElo "1987"]
[BlackElo "2045"]
[PlyCount "160"]
[EventDate "2022.??.??"]

1. c4 e5 2. g3 Nf6 3. Bg2 d5 4. cxd5 Nxd5 5. Nc3 Nb6 6. Nf3 Nc6 7. d3 Be7 8.
O-O O-O 9. Be3 Be6 10. Ne4 Nd5 11. Bc5 f6 12. Rc1 b6 13. Qa4 Nd4 14. Bxd4 exd4
15. Nxd4 Bf7 16. Nc6 Qd7 17. Nxe7+ Qxe7 18. Rfe1 Rad8 19. a3 c5 20. Nc3 Kh8 21.
Nxd5 Bxd5 22. Bxd5 Rxd5 23. Qc6 Rfd8 24. b4 cxb4 25. axb4 h6 26. Qc3 Qe6 27.
Qc7 Qh3 28. Rc4 R8d7 29. Qc8+ Kh7 30. Rh4 Qe6 31. Kf1 a5 32. bxa5 bxa5 33. Qc4
f5 34. e4 Re5 35. Qxe6 Rxe6 36. exf5 Rxe1+ 37. Kxe1 Rxd3 38. Ra4 Rd5 39. g4 h5
40. f3 Kh6 41. h4 g5 42. fxg6 Kxg6 43. Kf2 Rd2+ 44. Kg3 Rd5 45. Rc4 Rd6 46. Kf4
Ra6 47. Ra4 Rf6+ 48. Ke4 Ra6 49. g5 Ra8 50. f4 Re8+ 51. Kf3 Ra8 52. Rc4 a4 53.
Rc6+ Kf7 54. f5 a3 55. Rc7+ Kg8 56. Rc1 a2 57. Ra1 Ra4 58. Ke3 Kf8 59. Kd3 Kg8
60. Kc3 Kf8 61. Kb3 Rxh4 62. Rxa2 Rg4 63. g6 Rf4 64. Ra8+ Kg7 65. Ra7+ Kg8 66.
Ra6 Rxf5 67. Kc3 Kg7 68. Kd3 Re5 69. Rd6 h4 70. Rd4 Rh5 71. Rg4 Rh6 72. Rg5 h3
73. Rg1 h2 74. Rh1 Kxg6 75. Ke3 Kg5 76. Kf3 Rh3+ 77. Kg2 Kg4 78. Rxh2 Ra3 79.
Rh8 Ra2+ 80. Kf1 Ra1+ 1/2-1/2

[Event "OPEN INER 2022"]
[Site "salle des fêtes de Saint Denis"]
[Date "2022.10.13"]
[Round "8.2"]
[White "Jotee, Ashvin"]
[Black "De Peindray D'Ambell, Philippe"]
[Result "0-1"]
[WhiteElo "1815"]
[BlackElo "1788"]
[PlyCount "42"]
[EventDate "2022.??.??"]

1. c4 c5 2. Nf3 g6 3. g3 Bg7 4. Bg2 Nc6 5. Nc3 e5 6. d3 Nge7 7. e4 d6 8. h3 O-O
9. O-O Rb8 10. a3 a5 11. Ne1 Nd4 12. Nf3 Nec6 13. Nxd4 Nxd4 14. a4 Be6 15. Be3
Qd7 16. Kh2 Nc6 17. Qd2 b6 18. b3 f5 19. Rfe1 f4 20. gxf4 exf4 21. Bxf4 Rxf4
0-1

[Event "OPEN INER 2022"]
[Site "salle des fêtes de Saint Denis"]
[Date "2022.10.13"]
[Round "8.3"]
[White "Larmet, Nino"]
[Black "Lallemand, Philippe"]
[Result "1-0"]
[WhiteElo "2023"]
[BlackElo "1840"]
[PlyCount "63"]
[EventDate "2022.??.??"]

1. d4 Nf6 2. Bf4 g6 3. Nc3 Bg7 4. e4 d6 5. Qd2 Nbd7 6. O-O-O c5 7. dxc5 Nxc5 8.
e5 Nh5 9. Be3 Qa5 10. exd6 Bxc3 11. Qxc3 Qxc3 12. bxc3 Nd7 13. dxe7 Kxe7 14.
Nf3 b6 15. Bb5 Nc5 16. Rhe1 Be6 17. Nd4 a6 18. Nxe6 fxe6 19. Bxc5+ bxc5 20.
Rd7+ Kf6 21. Bc4 Rhe8 22. Rd6 Ng7 23. Rxa6 Rxa6 24. Bxa6 Nf5 25. Bb5 Rd8 26.
Rd1 Nd6 27. a4 e5 28. Rd5 Nb7 29. Rxd8 Nxd8 30. a5 Ne6 31. a6 Nc7 32. a7 1-0

[Event "OPEN INER 2022"]
[Site "salle des fêtes de Saint Denis"]
[Date "2022.10.13"]
[Round "8.4"]
[White "Triton, Maxime"]
[Black "Folio, Pierre"]
[Result "1-0"]
[WhiteElo "1888"]
[BlackElo "1432"]
[PlyCount "51"]
[EventDate "2022.??.??"]

1. e4 c5 2. Nf3 d6 3. d4 cxd4 4. Nxd4 Nf6 5. Nc3 a6 6. Bc4 e6 7. Bb3 Nbd7 8. g4
Nc5 9. f3 b5 10. Be3 Bb7 11. Qe2 Nxb3 12. axb3 Be7 13. O-O-O Nd7 14. h4 Bxh4
15. Rh3 h6 16. Rg1 Be7 17. g5 g6 18. gxh6 e5 19. Nd5 Bxd5 20. exd5 exd4 21.
Bxd4 Rh7 22. f4 Kf8 23. Bg7+ Kg8 24. Rxg6 Bf8 25. Bf6+ fxg6 26. Qe6+ 1-0

[Event "OPEN INER 2022"]
[Site "salle des fêtes de Saint Denis"]
[Date "2022.10.13"]
[Round "8.5"]
[White "Riviere, Etienne"]
[Black "Fondrat, Johan"]
[Result "1/2-1/2"]
[WhiteElo "1886"]
[BlackElo "1742"]
[PlyCount "72"]
[EventDate "2022.??.??"]

1. e4 e5 2. Nf3 Nc6 3. Bc4 Nf6 4. Ng5 d5 5. exd5 b5 6. Bf1 Nxd5 7. Bxb5 Bb7 8.
d4 exd4 9. O-O Be7 10. Qh5 g6 11. Qh6 Qd7 12. Re1 a6 13. Ba4 Qf5 14. Nf3 O-O-O
15. Bxc6 Bxc6 16. Nxd4 Qd7 17. Nxc6 Qxc6 18. Qh3+ f5 19. Qb3 g5 20. c4 Nf4 21.
Bxf4 gxf4 22. Rxe7 Rhg8 23. g3 fxg3 24. hxg3 f4 25. Re1 Rd6 26. Nc3 fxg3 27.
Nd5 gxf2+ 28. Kxf2 Rf6+ 29. Ke2 Qe6+ 30. Ne3 Rg2+ 31. Kd1 Qd6+ 32. Nd5 Rff2 33.
Qh3+ Kb7 34. Qb3+ Kc8 35. Re8+ Kd7 36. Re1 Kc8 1/2-1/2

[Event "OPEN INER 2022"]
[Site "salle des fêtes de Saint Denis"]
[Date "2022.10.13"]
[Round "8.6"]
[White "Folio, Thomas"]
[Black "Dace, Jean Emeric"]
[Result "1-0"]
[WhiteElo "1431"]
[BlackElo "1649"]
[PlyCount "69"]
[EventDate "2022.??.??"]

1. e4 e6 2. d3 b6 3. g3 Bb7 4. Bg2 d5 5. Nd2 Nf6 6. e5 Nfd7 7. Ngf3 c5 8. O-O
Nc6 9. Re1 Qc7 10. Qe2 Nb4 11. Nf1 Be7 12. Bf4 Nf8 13. c3 Nc6 14. d4 h6 15. h4
Rg8 16. g4 g5 17. hxg5 hxg5 18. Bg3 Ng6 19. Ne3 a5 20. Nxd5 exd5 21. e6 Nf4 22.
exf7+ Kf8 23. fxg8=Q+ Kxg8 24. Qc2 Qd6 25. Nxg5 Bxg5 26. Qf5 Qg6 27. Bxd5+ Kh8
28. Qxg6 Nxg6 29. Re6 Nge7 30. Be5+ Kh7 31. Be4+ Kg8 32. Bxc6 Bxc6 33. f4 Kf7
34. Rd6 Rh8 35. Bxh8 1-0

[Event "OPEN INER 2022"]
[Site "salle des fêtes de Saint Denis"]
[Date "2022.10.13"]
[Round "8.7"]
[White "Desire, Michael"]
[Black "Hichari, Lotfi"]
[Result "1-0"]
[WhiteElo "1670"]
[BlackElo "1199"]
[PlyCount "49"]
[EventDate "2022.??.??"]

1. d4 Nf6 2. c4 g6 3. Nc3 Bg7 4. e4 d6 5. Bd3 O-O 6. Nge2 c5 7. d5 Na6 8. f3
Nc7 9. Be3 b6 10. Qd2 Bh8 11. g4 Nd7 12. f4 Nf6 13. h3 e6 14. Ng3 Rb8 15. g5
Nfe8 16. h4 Bd7 17. h5 b5 18. hxg6 fxg6 19. Qh2 Qe7 20. e5 Qg7 21. Nge4 Rf7 22.
Nf6+ Nxf6 23. gxf6 Qf8 24. Bxg6 Ne8 25. Bxh7+ 1-0

[Event "OPEN INER 2022"]
[Site "salle des fêtes de Saint Denis"]
[Date "2022.10.13"]
[Round "8.8"]
[White "Sawmynaden, Vicken"]
[Black "Lallemand, Eric"]
[Result "0-1"]
[WhiteElo "1644"]
[BlackElo "1199"]
[PlyCount "64"]
[EventDate "2022.??.??"]

1. d4 e6 2. Bf4 d5 3. e3 Nf6 4. Nd2 c5 5. Ngf3 Nc6 6. c4 cxd4 7. exd4 Bb4 8. c5
O-O 9. a3 Ba5 10. Bd3 Bc7 11. Bxc7 Qxc7 12. O-O e5 13. dxe5 Nxe5 14. Nxe5 Qxe5
15. b4 Bg4 16. Re1 Qg5 17. f3 Bh3 18. Qe2 Nh5 19. g3 g6 20. Qf2 Rfe8 21. Bf1
Nf4 22. Kh1 Bxf1 23. Nxf1 Nd3 24. Rxe8+ Rxe8 25. Qd2 Qf6 26. Rb1 Qxf3+ 27. Qg2
Qf5 28. Nd2 Nf2+ 29. Kg1 Re2 30. Rf1 Nh3+ 31. Kh1 Rxg2 32. Rxf5 Rg1# 0-1

[Event "OPEN INER 2022"]
[Site "salle des fêtes de Saint Denis"]
[Date "2022.10.13"]
[Round "8.9"]
[White "Lee Luen Mang, Stefan"]
[Black "Francou, Yvon"]
[Result "0-1"]
[WhiteElo "1557"]
[BlackElo "1639"]
[PlyCount "148"]
[EventDate "2022.??.??"]

1. e4 e5 2. Nf3 Nc6 3. Bc4 Bc5 4. d3 h6 5. Be3 Qe7 6. Nc3 Nf6 7. Nd5 Nxd5 8.
exd5 Bxe3 9. fxe3 Na5 10. Qd2 b6 11. e4 a6 12. b4 Nb7 13. Qc3 b5 14. Bb3 d6 15.
a4 Rb8 16. axb5 axb5 17. Qc6+ Qd7 18. Ra7 O-O 19. O-O f6 20. d4 Rf7 21. dxe5
fxe5 22. Nxe5 Rxf1+ 23. Kxf1 dxe5 24. Qxd7 Bxd7 25. d6+ Kh7 26. dxc7 Rf8+ 27.
Ke1 Nd6 28. Bd5 Rc8 29. Kd2 Ne8 30. c4 Rxc7 31. Rxc7 Nxc7 32. c5 Kg6 33. Ke3
Kf6 34. h4 Na6 35. c6 Bc8 36. g3 Ke7 37. Kd2 Nxb4 38. Kc3 Na6 39. Kb3 Kd6 40.
Kc3 Nb8 41. Kb4 Nxc6+ 42. Kxb5 Nd4+ 43. Kb4 Be6 44. Bb7 Ne2 45. Ba6 Nxg3 46.
Bd3 Nh5 47. Be2 Nf4 48. Bf1 Bh3 49. Bb5 Bg2 50. Kc3 Bxe4 51. Kd2 h5 52. Ke3 Bf5
53. Kf3 Kd5 54. Ba6 Kd4 55. Bb5 Ng6 56. Be8 Bg4+ 57. Kg3 Ne7 58. Bb5 Nf5+ 59.
Kh2 Nxh4 60. Kg3 Nf5+ 61. Kf2 e4 62. Kf1 h4 63. Kg2 e3 64. Kf1 Bf3 65. Kg1 g5
66. Kh2 g4 67. Kg1 g3 68. Ba6 e2 69. Bxe2 Bxe2 70. Kg2 Bg4 71. Kg1 h3 72. Kh1
Ke3 73. Kg1 Bf3 74. Kf1 h2 0-1